METHODOLOGY OF PROCESS MODELS CREATION USING THE ENTERPRISE ARCHITECT SOFTWARE TOOL

Bibliographic Details
Main Author: Máchal, Pavel, 1948- (Author)
Format: Article
Language:English

MARC

LEADER 00000nab a2200000ua 4500
001 vtls010831417
003 SK-MaSNL
005 20260305044208.0
008 230222s2011 xo |||||||||||||||||eng|
035 |a (urnnbn)urn:nbn:sk:snk:ar-a06j05 
035 |a urn:nbn:sk:snk-ab5wb5 
035 |a (uuid)9e51c6f2-143c-4672-b3e5-cd619886e4ad 
040 |a SNKBUCL  |b slo  |c SNKBUCL  |e AACR2 
041 0 |a eng 
044 |a xo  |c SK 
100 1 |a Máchal, Pavel,  |d 1948-  |4 aut  |9 175055 
245 1 0 |a METHODOLOGY OF PROCESS MODELS CREATION USING THE ENTERPRISE ARCHITECT SOFTWARE TOOL  |c Pavel Máchal 
246 3 |a METODIKA PRO TVORBU PROCESNÍCH MODELŮ POMOCÍ SW NÁSTROJE ENTERPRISE ARCHITECT 
773 0 |t Acta technologica agriculturae : vedecký časopis pre mechanizáciu poľnohospodárstva  |g Roč. 14, č. 3 (2011), s. 69-73 
958 |a OND 
958 |a EUIPO 
958 |a article5 
999 |c 3357039  |d 3358969